000 00839nam2a2200217 4500
001 rc\2940944
005 20260315055748.0
035 _a(NLR Aleph) 007089756
090 _a13599720
_c13599720
100 _a20110824d1933 u y0rusy50 ca
101 0 _arus
102 _aRU
105 _ay z |||||
200 0 _a№ 7-8
210 _d1933
461 0 _1001rc\2940941
_12000#$aМетодические пособия для партпросвещения$eНачальная школа ленинизма. № 5-$v№ 7-8
_96561786
_cМосква
_d1933
_nПарт. изд-во
_oНачальная школа ленинизма. № 5-
_tМетодические пособия для партпросвещения
_v№ 7-8
801 0 _aRU
_bNLR
_gpsbo
801 1 _aRU
_bELAR
_2rusmarc
852 _aNLR
_j33-18/665
942 _cUNSPEC
980 _aNB